Normal view
MARC view
Entry Personal Name
001 - CONTROL NUMBER
- control field: 1438136
003 - CONTROL NUMBER IDENTIFIER
- control field: NLI
005 - DATE AND TIME OF LATEST TRANSACTION
- control field: 20230522111718.0
008 - FIXED-LENGTH DATA ELEMENTS
- fixed length control field: 230522|| aca||aabn | a|a d
040 ## - CATALOGING SOURCE
- Original cataloging agency: NLI
- Transcribing agency: NLI
100 ## - HEADING--PERSONAL NAME
- Personal name: Kale, Rahul
670 ## - SOURCE DATA FOUND
- Source citation: Work cat.: (NLI)1565817: Kale, Rahul , Dharma meter , 2022
